[Event "World Rapid Women 2017"]
[Site "Riyadh KSA"]
[Date "2017.12.26"]
[Round "5.47"]
[White "Bivol, Alina"]
[Black "Enkhtuul, Altan-Ulzii"]
[Result "1-0"]
[WhiteTitle "WGM"]
[BlackTitle "WGM"]
[WhiteElo "2356"]
[BlackElo "2344"]
[WhiteFideId "4100123"]
[BlackFideId "4901444"]
[EventDate "2017.12.26"]

1. Nf3 Nf6 2. g3 b6 3. Bg2 Bb7 4. O-O e6 5. c4 Be7 6. Nc3 O-O 7. d4 Ne4 8. Qc2
Nxc3 9. Qxc3 d6 10. Rd1 Nd7 11. d5 e5 12. e4 f5 13. exf5 Rxf5 14. Nd2 a5 15. Ne4
Rf8 16. Be3 Nc5 17. Nxc5 bxc5 18. Qd2 Ba6 19. Rac1 a4 20. Be4 g6 21. Qc2 Qe8 22.
Re1 Rb8 23. Bh6 Rf7 24. h4 Bc8 25. Re3 Bf5 26. Rce1 Bf8 27. Bxf8 Qxf8 28. R1e2
Bxe4 29. Rxe4 Rb4 30. h5 gxh5 31. Qd2 Rg7 32. Rh4 Qf5 33. a3 Rb3 34. Qa5 Qb1+
35. Kg2 Qd3 36. Qa8+ Kf7 37. Rf4+ Kg6 38. Qf8 Kh6 39. Rf6+ Qg6 40. Rxg6+ Kxg6
41. Qe8+ Kh6 42. Qxa4 Rb8 43. Qd1 Rf8 44. a4 Ra8 45. b3 Rg4 46. Ra2 Rd4 47. Qc1+
Kg6 48. a5 Ra6 49. b4 cxb4 50. Qb1+ Kh6 51. Qxb4 Ra8 52. Qb7 Rg8 53. Qxc7 Rg6
54. a6 h4 55. a7 hxg3 56. fxg3 Rd3 57. Kh2 Rdxg3 58. a8=Q R3g5 59. Qf8+ Rg7 60.
Qcxg7+ Rxg7 61. Ra7 1-0

[Event "World Rapid Women 2017"]
[Site "Riyadh KSA"]
[Date "2017.12.26"]
[Round "5.48"]
[White "Belenkaya, Dina"]
[Black "Albzoor, Anwar"]
[Result "1-0"]
[WhiteTitle "WGM"]
[BlackTitle "WFM"]
[WhiteElo "2303"]
[BlackElo "1595"]
[WhiteFideId "24142654"]
[BlackFideId "11500522"]
[EventDate "2017.12.26"]

1. e4 e6 2. d4 d5 3. Nd2 c5 4. Ngf3 Nc6 5. exd5 exd5 6. Bb5 Bd7 7. O-O Bd6 8.
dxc5 Bxc5 9. Nb3 Be7 10. Qxd5 Nf6 11. Qd3 O-O 12. c3 a6 13. Bxc6 Bxc6 14. Qxd8
Rfxd8 15. Nbd4 Be4 16. Re1 Bc5 17. Bg5 Bxf3 18. Bxf6 Rd6 19. Be5 Bd5 20. Bxd6
Bxd6 21. Nf5 Bc5 22. Re5 Rd8 23. Rd1 1-0

[Event "World Rapid Women 2017"]
[Site "Riyadh KSA"]
[Date "2017.12.27"]
[Round "6.1"]
[White "Tan, Zhongyi"]
[Black "Ju, Wenjun"]
[Result "1/2-1/2"]
[WhiteTitle "GM"]
[BlackTitle "GM"]
[WhiteElo "2517"]
[BlackElo "2567"]
[WhiteFideId "8603642"]
[BlackFideId "8603006"]
[EventDate "2017.12.26"]

1. d4 Nf6 2. c4 e6 3. Nf3 b6 4. g3 Ba6 5. Qa4 Bb7 6. Bg2 c5 7. dxc5 bxc5 8. O-O
Be7 9. Rd1 O-O 10. Nc3 Qb6 11. Bf4 Rd8 12. Rd2 d6 13. Rad1 h6 14. Qb5 Ne8 15. g4
Bc6 16. Qxb6 axb6 17. b3 Nd7 18. Ne1 Bxg2 19. Kxg2 Ndf6 20. h3 d5 21. cxd5 Nxd5
22. Nxd5 Rxd5 23. e4 Rxd2 24. Rxd2 Kf8 25. f3 Bf6 26. Nd3 Rd8 27. Kf2 Bc3 28.
Rd1 Ra8 29. Nc1 Ke7 30. a4 Bd4+ 31. Be3 Bxe3+ 32. Kxe3 c4 33. Rd4 cxb3 34. Nxb3
e5 35. Rb4 Nd6 36. Nd2 Kd7 37. Kd3 Kc6 38. Nc4 Nxc4 39. Rxc4+ Kb7 40. Kc3 Rd8
41. Kc2 Rd6 42. h4 Rd7 43. h5 Rd6 44. Rc3 Rd7 45. Kb3 Rd4 46. Rc4 Rd3+ 47. Rc3
Rxc3+ 48. Kxc3 Ka6 49. Kb4 f6 50. Kb3 Ka5 51. Ka3 b5 52. axb5 Kxb5 53. Kb3 Kc5 1/2-1/2

[Event "World Rapid Women 2017"]
[Site "Riyadh KSA"]
[Date "2017.12.27"]
[Round "6.2"]
[White "Paehtz, Elisabeth"]
[Black "Guo, Qi"]
[Result "1/2-1/2"]
[WhiteTitle "IM"]
[BlackTitle "IM"]
[WhiteElo "2464"]
[BlackElo "2396"]
[WhiteFideId "4641833"]
[BlackFideId "8604002"]
[EventDate "2017.12.26"]

1. e4 c6 2. d4 d5 3. exd5 cxd5 4. Bf4 Nc6 5. c3 Bf5 6. Nd2 e6 7. Ngf3 Bd6 8.
Bxd6 Qxd6 9. Nh4 Bg6 10. Be2 Nf6 11. O-O Be4 12. Nxe4 dxe4 13. Qc1 O-O 14. g3 h6
15. Qe3 e5 16. dxe5 Qxe5 17. Rad1 Rad8 18. Ng2 Nd5 19. Qc1 Rfe8 20. Ne3 Kh8 21.
Bc4 Nxe3 22. Qxe3 f5 23. Bb3 Rf8 24. f3 exf3 25. Qxf3 Qc5+ 26. Qf2 Qxf2+ 27.
Rxf2 Rxd1+ 28. Bxd1 g6 29. Rd2 Ne5 30. Be2 Kg7 31. Rd6 Kf7 32. Bd1 Ke7 33. Rd5
Kf6 34. Rd6+ Ke7 35. Rd5 Kf6 36. Rd6+ Ke7 37. Rd5 Kf6 1/2-1/2

[Event "World Rapid Women 2017"]
[Site "Riyadh KSA"]
[Date "2017.12.27"]
[Round "6.3"]
[White "Khotenashvili, Bela"]
[Black "Harika, Dronavalli"]
[Result "1/2-1/2"]
[WhiteTitle "GM"]
[BlackTitle "GM"]
[WhiteElo "2476"]
[BlackElo "2504"]
[WhiteFideId "13602640"]
[BlackFideId "5015197"]
[EventDate "2017.12.26"]

1. d4 Nf6 2. c4 e6 3. g3 d5 4. Nf3 dxc4 5. Bg2 Bd7 6. Nbd2 Bb5 7. a4 Ba6 8. a5
Nc6 9. Qa4 Qd5 10. O-O Qb5 11. Qxb5 Bxb5 12. Nb1 Bb4 13. Bd2 Bxd2 14. Nbxd2 Rd8
15. Rfd1 Nd5 16. Rdc1 c3 17. bxc3 Bxe2 18. Nb3 b6 19. c4 Nde7 20. axb6 axb6 21.
d5 Bxf3 22. Bxf3 Ne5 23. Bg2 O-O 24. Ra7 exd5 25. Rxc7 Rfe8 26. cxd5 Nxd5 27.
Rb7 Nd3 28. Rf1 Nc5 29. Nxc5 bxc5 30. Rc1 Nf6 31. Rc7 Rc8 32. R7xc5 Rxc5 33.
Rxc5 g6 34. Bf3 1/2-1/2

[Event "World Rapid Women 2017"]
[Site "Riyadh KSA"]
[Date "2017.12.27"]
[Round "6.4"]
[White "Goryachkina, Aleksandra"]
[Black "Padmini, Rout"]
[Result "1-0"]
[WhiteTitle "WGM"]
[BlackTitle "IM"]
[WhiteElo "2486"]
[BlackElo "2324"]
[WhiteFideId "4147103"]
[BlackFideId "5029295"]
[EventDate "2017.12.26"]

1. e4 e6 2. d4 d5 3. Bd3 dxe4 4. Bxe4 Nf6 5. Bf3 c5 6. Ne2 Nc6 7. Be3 Nd5 8.
Bxd5 Qxd5 9. Nbc3 Qd8 10. dxc5 Qa5 11. a3 Be7 12. b4 Qc7 13. Nb5 Qb8 14. Nd6+
Bxd6 15. cxd6 b5 16. O-O Bd7 17. Bc5 O-O 18. Qd3 Ne5 19. Qg3 Nc4 20. Nf4 f6 21.
Rad1 Qe8 22. Rfe1 Qf7 23. Nd5 a5 24. Nc7 Rad8 25. bxa5 Nxa5 26. Qc3 Nb7 27. Bb4
e5 28. f4 exf4 29. Qf3 Bc8 30. Qxf4 Rd7 31. Nxb5 Nd8 32. c4 g5 33. Qd4 Bb7 34.
Re7 1-0

[Event "World Rapid Women 2017"]
[Site "Riyadh KSA"]
[Date "2017.12.27"]
[Round "6.5"]
[White "Stefanova, Antoaneta"]
[Black "Pham, Le Thao Nguyen"]
[Result "0-1"]
[WhiteElo "2500"]
[BlackElo "2354"]
[PlyCount "108"]
[EventDate "2017.12.26"]
[EventType "rapid"]

1. Nf3 d5 2. e3 Nf6 3. c4 e6 4. b3 b6 5. Bb2 Bb7 6. Nc3 Nbd7 7. d4 a6 8. Bd3
Bd6 9. O-O O-O 10. a4 Qe7 11. a5 Bb4 12. Na2 bxa5 13. c5 Ne4 14. Qe2 Nb8 15.
Rfc1 Nc6 16. Nxb4 axb4 17. Bxa6 Bxa6 18. Rxa6 Rxa6 19. Qxa6 Qd7 20. Ne5 Nxe5
21. dxe5 Qc8 22. Qd3 Qa8 23. f3 Qa2 24. Qd4 Nc3 25. Bxc3 bxc3 26. Qxc3 Rb8 27.
b4 h6 28. h3 c6 29. Kh2 Qe2 30. Ra1 Qb5 31. Rb1 Ra8 32. Rb3 Ra2 33. Qd3 Qb8 34.
f4 Qd8 35. Qb1 Re2 36. Qd1 Ra2 37. Kg3 g6 38. b5 cxb5 39. Rxb5 Kg7 40. c6 Qc7
41. Qc1 Ra6 42. Rc5 Rb6 43. Qc2 Ra6 44. h4 h5 45. Kh3 Ra3 46. Rc3 Ra6 47. g4
hxg4+ 48. Kxg4 Ra1 49. Kf3 Qe7 50. Qb2 Rh1 51. Qf2 Qb4 52. Rc2 Qe4+ 53. Kg3 Qf5
54. c7 $4 (54. Qg2 Rg1 55. Qxg1 Qxc2 {is an instant draw.}) 54... Qh3# 0-1

[Event "World Rapid Women 2017"]
[Site "Riyadh KSA"]
[Date "2017.12.27"]
[Round "6.7"]
[White "Gunina, Valentina"]
[Black "Batsiashvili, Nino"]
[Result "1/2-1/2"]
[WhiteTitle "GM"]
[BlackTitle "IM"]
[WhiteElo "2510"]
[BlackElo "2502"]
[WhiteFideId "4167570"]
[BlackFideId "13602993"]
[EventDate "2017.12.26"]

1. e4 e5 2. Nf3 Nc6 3. Bc4 Nf6 4. Ng5 d5 5. exd5 Na5 6. Bb5+ c6 7. dxc6 bxc6 8.
Bd3 Bc5 9. O-O O-O 10. Nc3 h6 11. Nge4 Nxe4 12. Nxe4 Bb6 13. b4 Nb7 14. Bb2 Bd4
15. c3 Bb6 16. Bc4 Qh4 17. Re1 Bg4 18. Qb3 Rad8 19. a4 Nd6 20. d4 exd4 21. Nxd6
Rxd6 22. cxd4 Rf6 23. Qg3 Qh5 24. Re5 Bc7 25. h3 Bf5 26. Be2 Qxe2 27. Rxe2 Bxg3
28. fxg3 Re6 29. Rxe6 Bxe6 30. Rc1 Bd5 31. b5 cxb5 32. axb5 Rb8 33. Rc5 Be4 34.
Ba3 Bd3 35. Rc7 Rxb5 36. Rxa7 Be4 37. g4 Rb3 38. Kf2 Rc3 39. Bc5 Rc2+ 40. Ke3
Bxg2 41. h4 Rc3+ 42. Kf2 Bh3 43. g5 Be6 44. gxh6 gxh6 45. Bd6 Rh3 46. Bg3 Rh1
47. Ra5 Rd1 48. h5 Kh7 49. Be5 Bg4 50. Bf6 Rd3 51. Kg2 Rh3 52. Ra7 Rxh5 53.
Rxf7+ Kg6 54. Rg7+ Kxf6 1/2-1/2

[Event "World Rapid Women 2017"]
[Site "Riyadh KSA"]
[Date "2017.12.27"]
[Round "6.8"]
[White "Abdumalik, Zhansaya"]
[Black "Ushenina, Anna"]
[Result "1-0"]
[WhiteTitle "IM"]
[BlackTitle "GM"]
[WhiteElo "2449"]
[BlackElo "2416"]
[WhiteFideId "13703544"]
[BlackFideId "14110911"]
[EventDate "2017.12.26"]

1. e4 c5 2. Nf3 d6 3. d4 cxd4 4. Nxd4 Nf6 5. Nc3 a6 6. h3 e5 7. Nde2 h5 8. g3
Nbd7 9. a4 b6 10. Bg2 Bb7 11. O-O Be7 12. Bg5 O-O 13. f4 Rc8 14. Bxf6 Nxf6 15.
Nd5 Nxd5 16. exd5 exf4 17. Nxf4 h4 18. g4 Bf6 19. c3 Be5 20. Nd3 Bg3 21. Qd2 a5
22. b3 b5 23. axb5 Qb6+ 24. Kh1 Qxb5 25. c4 Qb6 26. Rxa5 Qd4 27. Ra4 Rce8 28. c5
Qe3 29. Qxe3 Rxe3 30. Rd1 Rfe8 31. c6 Bc8 32. Ra8 f5 33. gxf5 Bxf5 34. Rxe8+
Rxe8 35. Kg1 Kf7 36. b4 Rb8 37. Kf1 Ke7 38. Ke2 Kd8 39. Rf1 g6 40. Ra1 Kc7 41.
Ra7+ Kb6 42. Re7 Ka6 43. Bf1 Bxd3+ 44. Kxd3 Rxb4 45. Kc3+ Ka5 46. Ra7+ Kb6 47.
Rb7+ Kc5 48. Rxb4 Be1+ 49. Kb3 Bxb4 50. c7 1-0

[Event "World Rapid Women 2017"]
[Site "Riyadh KSA"]
[Date "2017.12.27"]
[Round "6.9"]
[White "Girya, Olga"]
[Black "Danielian, Elina"]
[Result "0-1"]
[WhiteTitle "WGM"]
[BlackTitle "GM"]
[WhiteElo "2484"]
[BlackElo "2413"]
[WhiteFideId "4195752"]
[BlackFideId "13300210"]
[EventDate "2017.12.26"]

1. d4 d6 2. e4 Nf6 3. Bd3 e5 4. d5 c6 5. c4 Be7 6. Nc3 O-O 7. Nge2 Nbd7 8. O-O
Nc5 9. Bc2 a5 10. Ng3 Bg4 11. f3 Bd7 12. Be3 cxd5 13. exd5 Qc7 14. a3 Rfc8 15.
Rc1 a4 16. Kh1 Qa5 17. Nce4 Ncxe4 18. Bxe4 Qa6 19. Bd3 b5 20. Nf5 Bxf5 21. Bxf5
Rxc4 22. Qd2 Qb7 23. Rcd1 Bd8 24. Bd3 Ba5 25. Qe2 Rcc8 26. Bg5 Ne8 27. Bxb5 Rab8
28. Bxa4 Qxb2 29. Qxb2 Rxb2 30. Rb1 Rxb1 31. Rxb1 h6 32. Be3 Rc3 33. Bf2 Nf6 34.
Be1 Rxa3 35. Bc2 g6 36. Bg3 Nxd5 37. h4 Ne3 38. Be4 Kg7 39. Bf2 d5 40. Bxe3 dxe4
41. Bc5 Ra4 42. fxe4 Rxe4 43. g3 Bc3 44. Rb8 h5 45. Bf8+ Kf6 46. Rb7 Re2 47. Bh6
Ke6 48. Bg5 Rf2 49. Re7+ Kd6 50. Re8 Bd4 51. Ra8 Kd5 52. Ra4 Ke4 53. Rb4 f6 54.
Bh6 Kf3 55. Rb3+ Kg4 56. Bg7 Kh3 57. g4+ Kxg4 0-1

[Event "World Rapid Women 2017"]
[Site "Riyadh KSA"]
[Date "2017.12.27"]
[Round "6.10"]
[White "Huang, Qian"]
[Black "Mamedjarova, Turkan"]
[Result "1-0"]
[WhiteTitle "WGM"]
[BlackTitle "WGM"]
[WhiteElo "2438"]
[BlackElo "2260"]
[WhiteFideId "8602689"]
[BlackFideId "13402005"]
[EventDate "2017.12.26"]

1. d4 d5 2. Nf3 Nf6 3. c4 e6 4. Nc3 c6 5. Bg5 Nbd7 6. e3 Be7 7. cxd5 Nxd5 8.
Bxe7 Qxe7 9. Bd3 O-O 10. O-O Nxc3 11. bxc3 e5 12. Qc2 h6 13. c4 Re8 14. dxe5
Nxe5 15. Nxe5 Qxe5 16. Rab1 b6 17. a4 c5 18. a5 bxa5 19. Rb5 Rb8 20. Rxb8 Qxb8
21. Ra1 Qb6 22. Rb1 Qc7 23. Be4 Qe5 24. Bd3 Bd7 25. Rb7 Bc6 26. Rxa7 Qa1+ 27.
Bf1 Rd8 28. Qf5 Be8 29. Qe4 a4 30. h4 h5 31. Qe7 Rb8 32. Qxc5 g6 33. Qe7 Kg7 34.
c5 Rb1 35. Qxe8 Rxf1+ 36. Kh2 Rh1+ 37. Kg3 Qf6 38. Rxa4 g5 39. hxg5 Qxg5+ 40.
Kf3 Qf5+ 41. Rf4 Qxc5 42. Rxf7+ Kh6 43. Rf6+ Kg7 44. Rg6+ 1-0

[Event "World Rapid Women 2017"]
[Site "Riyadh KSA"]
[Date "2017.12.27"]
[Round "6.11"]
[White "Tokhirjonova, Gulrukhbegim"]
[Black "Lei, Tingjie"]
[Result "0-1"]
[WhiteTitle "WGM"]
[BlackTitle "GM"]
[WhiteElo "2329"]
[BlackElo "2528"]
[WhiteFideId "14203626"]
[BlackFideId "8605114"]
[EventDate "2017.12.26"]

1. e4 c6 2. d4 d5 3. e5 Bf5 4. Nf3 e6 5. Be2 c5 6. Be3 Qb6 7. Nc3 Nc6 8. O-O
Qxb2 9. Nb5 c4 10. Nc7+ Kd7 11. Nxa8 Bxc2 12. Qe1 Bb4 13. Bd2 c3 14. Bf4 Nge7
15. Bb5 Rxa8 16. Qe3 Nf5 17. Qe2 Be4 18. Bxc6+ Kxc6 19. Qd1 c2 20. Rc1 Qc3 21.
Qe2 Bd3 22. Qe1 Qc4 23. Bd2 Ba3 24. Ra1 Bb2 25. a4 Bxa1 26. Qxa1 Bxf1 27. Qxf1
Qxf1+ 28. Kxf1 b5 29. g4 Ne7 30. Ne1 bxa4 31. Nxc2 Rb8 32. Ke2 Rb2 33. Kd1 Kb6
34. Bc3 Rb3 35. Bb4 Nc6 36. Bc5+ Kb7 37. Ke2 a6 38. h4 Rh3 39. h5 g6 40. hxg6
fxg6 41. f3 h5 42. gxh5 gxh5 43. Ne3 a3 44. Bxa3 Nxd4+ 45. Kd3 Nxf3 46. Bb2 Rh2
47. Bc1 Nxe5+ 48. Kd4 Ng4 0-1

[Event "World Rapid Women 2017"]
[Site "Riyadh KSA"]
[Date "2017.12.27"]
[Round "6.12"]
[White "Dzagnidze, Nana"]
[Black "Zozulia, Anna"]
[Result "1-0"]
[WhiteTitle "GM"]
[BlackTitle "IM"]
[WhiteElo "2522"]
[BlackElo "2316"]
[WhiteFideId "13601903"]
[BlackFideId "14102110"]
[EventDate "2017.12.26"]

1. Nf3 Nf6 2. c4 g6 3. Nc3 Bg7 4. g3 O-O 5. Bg2 d6 6. d4 Nc6 7. O-O Bf5 8. d5
Na5 9. Nd4 Bd7 10. b3 c5 11. dxc6 bxc6 12. Bg5 h6 13. Bd2 Rb8 14. Rc1 c5 15. Nc2
Nc6 16. Nd5 Nxd5 17. cxd5 Nb4 18. Nxb4 cxb4 19. Qc2 Rc8 20. Qe4 a5 21. Rxc8 Bxc8
22. Rc1 Bf5 23. Qc4 Bb2 24. Re1 Kh7 25. Qh4 Bg7 26. g4 Bd7 27. Bxh6 Bxh6 28. g5
Rh8 29. gxh6 e5 30. Qg3 Kxh6 31. Rc1 Kg7 32. Rc4 Bb5 33. Rc2 Rh4 34. e3 Bd7 35.
h3 Qh8 36. Kh2 Rg4 37. Qf3 e4 38. Qd1 Rxg2+ 39. Kxg2 Qxh3+ 40. Kg1 Bg4 41. Qd4+
Kh7 42. Rc7 Qf3 43. Re7 Bh3 44. Qxe4 Qd1+ 45. Kh2 Qh5 46. Rxf7+ 1-0

[Event "World Rapid Women 2017"]
[Site "Riyadh KSA"]
[Date "2017.12.27"]
[Round "6.14"]
[White "Cramling, Pia"]
[Black "Assaubayeva, Bibisara"]
[Result "1/2-1/2"]
[WhiteTitle "GM"]
[BlackTitle "FM"]
[WhiteElo "2450"]
[BlackElo "2381"]
[WhiteFideId "1700030"]
[BlackFideId "13708694"]
[EventDate "2017.12.26"]

1. d4 Nf6 2. Nf3 g6 3. g3 Bg7 4. Bg2 O-O 5. O-O d6 6. b3 c5 7. c4 Nc6 8. Bb2
cxd4 9. Nxd4 Bd7 10. e3 a6 11. Nc3 Rb8 12. Qd2 Nxd4 13. exd4 b5 14. c5 b4 15.
Nd5 Nxd5 16. Bxd5 Bh3 17. Rfd1 Bg4 18. f3 Bf5 19. Rac1 Qc7 20. Be4 Bxe4 21. fxe4
Rfd8 22. cxd6 Qxd6 23. d5 Bxb2 24. Qxb2 Rbc8 25. Qd4 Rxc1 26. Rxc1 e6 27. Rc5
Qb6 28. Kf2 a5 29. Kg2 h5 30. Qc4 exd5 31. exd5 h4 32. Qxh4 Qxc5 33. Qxd8+ Kg7
34. d6 Qc2+ 35. Kh3 Qf5+ 36. Kg2 Qc2+ 37. Kh3 1/2-1/2

[Event "World Rapid Women 2017"]
[Site "Riyadh KSA"]
[Date "2017.12.27"]
[Round "6.15"]
[White "Charochkina, Daria"]
[Black "Socko, Monika"]
[Result "1-0"]
[WhiteTitle "IM"]
[BlackTitle "GM"]
[WhiteElo "2317"]
[BlackElo "2471"]
[WhiteFideId "4180917"]
[BlackFideId "1106619"]
[EventDate "2017.12.26"]

1. d4 Nf6 2. c4 e6 3. Nc3 Bb4 4. Qc2 O-O 5. a3 Bxc3+ 6. Qxc3 d6 7. Nf3 Nc6 8. g3
e5 9. d5 Ne7 10. Bg2 Ne4 11. Qc2 Bf5 12. Nh4 Nxg3 13. e4 Nxh1 14. Nxf5 Nxf5 15.
exf5 Qh4 16. Bxh1 Qxh2 17. Qe4 Qg1+ 18. Ke2 c6 19. Qg2 Qxg2 20. Bxg2 c5 21. f6
gxf6 22. Bh6 Rfe8 23. Be4 Kh8 24. Rh1 Rg8 25. Bd2 Rg7 26. Rh6 Rg6 27. Bxg6 fxg6
28. f4 Kg7 29. fxe5 dxe5 30. Rh1 h5 31. Be3 b6 32. b4 f5 33. bxc5 bxc5 34. Bxc5
Rc8 35. d6 Kf6 36. d7 Rd8 37. Rd1 e4 38. Bb4 Ke6 39. Rd6+ Ke7 40. Rd5+ Ke6 41.
Rd6+ Ke7 42. Rxg6+ Kxd7 43. Rf6 Rc8 44. Rxf5 Rxc4 45. Rxh5 Kc6 46. Ra5 Kb6 47.
Ke3 Kb7 48. Rf5 a6 49. Rf6 Ka7 50. Rf7+ Kb6 51. Rf6+ Kb7 52. Ba5 Rc5 53. Rf7+
Kc6 54. Bb4 Rc4 55. Rf6+ Kb7 56. Bd6 Kc6 57. Be5+ Kb5 58. Bd4 Ra4 59. Rb6+ Kc4
60. Bb2 Kc5 61. Rb8 Kd5 62. Rc8 Kd6 63. Rc2 Kd5 64. Rc1 Kd6 65. Rc3 Kd5 66. Rb3
Kc5 67. Bg7 Kc4 68. Rc3+ Kd5 69. Bf8 Rc4 70. Rb3 Rc6 71. Bb4 Rh6 72. Ke2 Rh2+
73. Kd1 Kd4 74. Bd2 Rh1+ 75. Kc2 Rh2 76. Rb4+ Kd5 77. Rb3 Kd4 78. Rg3 Kc4 79.
Rc3+ Kd4 80. Re3 Rf2 81. Rb3 Kc4 82. Rb4+ Kd5 83. Kd1 Rf6 84. Ke2 Rg6 85. Be3
Rc6 86. Rd4+ Ke5 87. Rd2 Rc4 88. Rb2 Rc3 89. a4 Ra3 90. Rb4 Ra2+ 91. Kd1 Ra3 92.
Kd2 Kd5 93. Rd4+ Ke5 94. Rc4 Ra2+ 95. Kd1 Ra3 96. Bc1 Kd5 97. Rb4 Rd3+ 98. Ke2
Rd4 99. Rb8 Rxa4 100. Rd8+ Kc4 101. Ke3 Kc3 102. Bd2+ Kc2 103. Rc8+ Kb3 104. Rc6
Ra2 105. Rb6+ Kc4 106. Rb4+ Kc5 107. Rxe4 a5 108. Kd3 a4 109. Re5+ Kb6 110. Bb4
Rb2 111. Kc3 Rg2 112. Re6+ Kb5 113. Re5+ Kb6 114. Bc5+ Kc6 115. Bf8 Rf2 116. Be7
Rf4 117. Rc5+ Kb6 118. Rc8 Re4 119. Bc5+ Kb5 120. Bd4 Rh4 121. Rb8+ Kc6 122.
Rb6+ Kd5 123. Rb5+ Kc6 124. Ra5 a3 125. Kc4 Rh3 126. Ra6+ Kd7 127. Kd5 Ke7 128.
Ra7+ Kf8 129. Ke6 Rh6+ 130. Bf6 Kg8 131. Ra8+ Kh7 132. Kf7 1-0

[Event "World Rapid Women 2017"]
[Site "Riyadh KSA"]
[Date "2017.12.27"]
[Round "6.16"]
[White "Ding, Yixin"]
[Black "Voit, Daria"]
[Result "1/2-1/2"]
[WhiteTitle "WGM"]
[BlackTitle "FM"]
[WhiteElo "2424"]
[BlackElo "2390"]
[WhiteFideId "8602972"]
[BlackFideId "4182146"]
[EventDate "2017.12.26"]

1. Nf3 c5 2. g3 g6 3. Bg2 Bg7 4. O-O Nc6 5. e4 e5 6. d3 Nge7 7. Be3 d6 8. Nc3
O-O 9. Qd2 f5 10. exf5 Bxf5 11. Bh6 Qd7 12. Bxg7 Kxg7 13. Nh4 Bh3 14. f4 Bxg2
15. Nxg2 Nf5 16. Rae1 Rae8 17. Nd5 Qf7 18. c4 Nfd4 19. Nh4 Qd7 20. Kg2 exf4 21.
Rxe8 Qxe8 22. gxf4 Qe6 23. h3 Re8 24. Rf2 Qe1 25. Qxe1 Rxe1 26. Rf1 Re2+ 27. Rf2
Re1 28. Rf1 Re2+ 29. Rf2 Re1 30. Rf1 Re2+ 31. Rf2 1/2-1/2

[Event "World Rapid Women 2017"]
[Site "Riyadh KSA"]
[Date "2017.12.27"]
[Round "6.17"]
[White "Hoang, Thi Bao Tram"]
[Black "Atalik, Ekaterina"]
[Result "1-0"]
[WhiteTitle "WGM"]
[BlackTitle "IM"]
[WhiteElo "2410"]
[BlackElo "2451"]
[WhiteFideId "12401102"]
[BlackFideId "4130189"]
[EventDate "2017.12.26"]

1. d4 d5 2. Bf4 Nf6 3. e3 g6 4. c4 Bg7 5. Nc3 O-O 6. Nf3 c5 7. cxd5 Nxd5 8. Be5
Nxc3 9. bxc3 Qa5 10. Qd2 cxd4 11. cxd4 Qxd2+ 12. Kxd2 Bh6 13. Bd3 Nc6 14. Bg3
Rd8 15. Ke2 Nb4 16. Bc4 Bf5 17. Ne5 e6 18. a3 Nc2 19. Ra2 Bf8 20. Bh4 Rdc8 21.
g4 Be4 22. f3 Nxa3 23. Rxa3 Bxf3+ 24. Kxf3 Bxa3 25. Rb1 Bd6 26. Bd3 Bxe5 27.
dxe5 Rc7 28. Be4 Rb8 29. Be1 b5 30. Bb4 Rcc8 31. h4 Rb6 32. h5 Rc4 33. Bd3 Rxb4
34. Rxb4 a6 35. Rd4 Rb8 36. Rb4 Kg7 37. Kf4 Rc8 38. Kg5 h6+ 39. Kf4 g5+ 40. Ke4
Rc1 41. Rd4 Rg1 42. Kf3 Ra1 43. Rd7 Kf8 44. Ra7 Ra4 45. Be2 Kg7 46. Bf1 Kf8 47.
Bd3 Ra5 48. Rb7 Ra3 49. Be2 Ra4 50. Rb6 Ra3 51. Kf2 Ra2 52. Kf3 Ra3 53. Ke4 Ra4+
54. Kd3 Ra3+ 55. Kd4 Ra4+ 56. Kc3 Ra3+ 57. Kd4 Ra4+ 58. Kd3 Ra3+ 59. Ke4 Ra4+
60. Kf3 Ra3 61. Bd1 Ra2 62. Ke4 Ra1 63. Bc2 Rg1 64. Kf3 Rf1+ 65. Kg2 Ra1 66. Be4
a5 67. Rxb5 a4 68. Rb8+ Kg7 69. Ra8 a3 70. Bd3 a2 71. Bc4 Re1 72. Bxa2 Rxe3 73.
Ra5 Re4 74. Kf3 Rf4+ 75. Kg3 Rd4 76. Bb1 Rb4 77. Bc2 Rc4 78. Bd1 Rc3+ 79. Bf3
Rb3 80. Kf2 Rb2+ 81. Be2 Rb3 82. Rc5 Ra3 83. Rc4 Ra5 84. Re4 Rc5 85. Ke3 Ra5 86.
Bd3 Rc5 87. Kd2 Ra5 88. Kc3 Rc5+ 89. Bc4 Ra5 90. Kb4 Ra1 91. Kc5 Rd1 92. Rd4 Re1
93. Kd6 Rb1 94. Bd3 Kf8 95. Bxb1 1-0

[Event "World Rapid Women 2017"]
[Site "Riyadh KSA"]
[Date "2017.12.27"]
[Round "6.18"]
[White "Buksa, Nataliya"]
[Black "Zatonskih, Anna"]
[Result "1-0"]
[WhiteTitle "WGM"]
[BlackTitle "IM"]
[WhiteElo "2385"]
[BlackElo "2452"]
[WhiteFideId "14123622"]
[BlackFideId "14101572"]
[EventDate "2017.12.26"]

1. e4 e5 2. Nf3 Nf6 3. Nxe5 d6 4. Nf3 Nxe4 5. d4 d5 6. Bd3 Nc6 7. O-O Bg4 8. c4
Nf6 9. cxd5 Nxd5 10. Nc3 Be7 11. Be4 Be6 12. Qd3 Ncb4 13. Qe2 O-O 14. Bd2 Re8
15. a3 Nxc3 16. bxc3 Nd5 17. Qd3 h6 18. Ne5 c6 19. f4 Nf6 20. Bf3 Bd5 21. a4 Rc8
22. Rae1 c5 23. Be3 Bxf3 24. Rxf3 Nd5 25. Rg3 Bf6 26. Bd2 Bh4 27. Nxf7 Rxe1+ 28.
Bxe1 Qf6 29. Nxh6+ Qxh6 30. Rh3 Qe6 31. Bxh4 Nxf4 32. Re3 Qg4 33. Qc4+ Kh8 34.
Bg3 cxd4 35. Qxd4 Ne2+ 36. Rxe2 Qxe2 37. h3 Qc4 38. Qd7 Qxc3 39. Qxb7 Re8 40.
Kh2 a5 41. Qb5 Re6 42. Qh5+ Rh6 43. Qg5 Qb4 44. Be5 1-0

[Event "World Rapid Women 2017"]
[Site "Riyadh KSA"]
[Date "2017.12.27"]
[Round "6.19"]
[White "Zhukova, Natalia"]
[Black "Cornette, Deimante"]
[Result "0-1"]
[WhiteTitle "GM"]
[BlackTitle "IM"]
[WhiteElo "2444"]
[BlackElo "2439"]
[WhiteFideId "14101513"]
[BlackFideId "12802859"]
[EventDate "2017.12.26"]

1. c4 e6 2. Nc3 d5 3. d4 Bb4 4. a3 Bxc3+ 5. bxc3 Nf6 6. cxd5 exd5 7. e3 Bf5 8.
Ne2 O-O 9. Ng3 Bg6 10. Bd3 Bxd3 11. Qxd3 Re8 12. f3 Qd7 13. O-O Qc6 14. Bd2 Nbd7
15. Rae1 Rad8 16. Qb1 Qb6 17. e4 dxe4 18. fxe4 Qxb1 19. Rxb1 Nxe4 20. Nxe4 Rxe4
21. Rxb7 c5 22. dxc5 Nxc5 23. Rbxf7 h6 24. Bc1 a5 25. R7f5 Rc8 26. R5f3 a4 27.
Rg3 Rc6 28. c4 Rxc4 29. Bb2 Rc7 30. Be5 Rd7 31. h3 Ne4 32. Rg4 Nd2 33. Rff4 Rc1+
34. Kf2 Rf1+ 35. Ke2 Rb1 36. Rxa4 Nb3 37. Bf4 Rb2+ 38. Ke3 Nc5 39. Ra8+ Kh7 40.
Be5 Rd3+ 41. Kf4 Rf2# 0-1